Poética: la imaginación del poeta, las tres épocas de la estética moderna y su problema actual

Uloženo v:
Podrobná bibliografie
Hlavní autor: Dilthey, Wilhelm (Autor)
Médium: Kniha
Jazyk:španělština
Vydáno: Buenos Aires Losada 1945
Edice:Biblioteca filosófica
Témata:
Tagy: Přidat tag
Žádné tagy, Buďte první, kdo vytvoří štítek k tomuto záznamu!

MARC

LEADER 00000nam a2200000 a 4500
001 UCX5955
003 CL-VaPUC
008 930317e19450000AG |||||||||||||||||spa|d
082 0 4 |a 809.1  |b DIL  |2 21 
100 0 |a Dilthey, Wilhelm  |e author  |9 322313 
245 1 0 |a Poética: la imaginación del poeta, las tres épocas de la estética moderna y su problema actual 
300 |a 323 p 
942 |c BK 
945 |d 19930317 00:00:00 
260 |a Buenos Aires  |b Losada  |c 1945 
650 0 |a Poesía   |9 265825 
650 0 |a Historia y crítica   |9 257407 
650 0 |a Estética literaria  |9 314715 
583 |a last modification  |c 19930317 00:00:00  |k Rodrigo Vera 
490 0 |a Biblioteca filosófica 
999 |c 226066  |d 226064 
952 |0 0  |1 0  |4 0  |6 809_100000000000000_DIL_1945  |7 0  |8 A  |9 224149  |a BIBEDU  |b BIBEDU  |d 2019-11-15  |i 2929627  |o 809.1 DIL 1945  |p 2929627  |r 2019-11-15  |w 2019-11-15  |y BK  |k LIT 
952 |0 0  |1 0  |4 0  |6 809_100000000000000_DIL_1945  |7 0  |8 A  |9 224150  |a BIBEDU  |b BIBEDU  |d 2019-11-15  |i 3104443  |o 809.1 DIL 1945  |p 3104443  |r 2019-11-15  |w 2019-11-15  |y BK  |k FIL 
952 |0 0  |1 0  |4 0  |6 809_100000000000000_DIL_1945  |7 0  |8 A  |9 224151  |a BIBEDU  |b BIBEDU  |d 2019-11-15  |i 1337998  |o 809.1 DIL 1945  |p 1337998  |r 2019-11-15  |w 2019-11-15  |y BK  |k LIT